Microeconomics
Tallennettuna:
| Päätekijä: | |
|---|---|
| Aineistotyyppi: | Kirja |
| Kieli: | Undetermined |
| Julkaistu: |
Boston, MA
McGraw- Hill
2004
|
| Aiheet: | |
| Tagit: |
Lisää tagi
Ei tageja, Lisää ensimmäinen tagi!
|
| Thư viện lưu trữ: | Trung tâm Học liệu Trường Đại học Cần Thơ |
|---|
| LEADER | 00504nam a2200205Ia 4500 | ||
|---|---|---|---|
| 001 | CTU_65838 | ||
| 008 | 210402s9999 xx 000 0 und d | ||
| 020 | |b 1434000 | ||
| 020 | |c 105.63 | ||
| 082 | |a 338.5 | ||
| 082 | |b C683 | ||
| 100 | |a Colander, David C. | ||
| 245 | 0 | |a Microeconomics | |
| 245 | 0 | |c David C. Colander | |
| 260 | |a Boston, MA | ||
| 260 | |b McGraw- Hill | ||
| 260 | |c 2004 | ||
| 650 | |a Microeconomics | ||
| 904 | |i Giang | ||
| 980 | |a Trung tâm Học liệu Trường Đại học Cần Thơ | ||